Cuaderno 12 (XXIX) 1932: Apuntes y notas para un grupo de ensayos sobre la historia de los intelectuales /

Сохранить в:
Библиографические подробности
Главный автор: Gramsci, A
Формат: Текст
Метки: Добавить метку
Нет меток, Требуется 1-ая метка записи!

MARC

LEADER 00000 a a2200000 04500
001 45617
003
040 |a CRAI/IIS  |c CRAI/IIS 
020 |a 968-411-147-9  
090 |a 03.03.01 G747c T4  
100 |a Gramsci, A  
245 |a Cuaderno 12 (XXIX) 1932:   |b Apuntes y notas para un grupo de ensayos sobre la historia de los intelectuales /  |c Antonio Gramsci  
773 |g (1986), páginas 351-382  
999 |c 18308  |d 18308